000
00201 a2200097 4500
001
8587
100
_a
Ansari Muhammad Ilyas
245
_a
Maqadama Bosnia
260
_a
_b
Feroz
_c
090
_c
6910
_d
6910
942
_a
NUST-CAE
_c
M
_c
33501
999
_c
243660
_d
243660